Gaming Quiz

Random Gaming or Board Games Quiz

Name the Virtual Boy Games Quiz Stats

 Plays Quiz not verified by Sporcle

Also try: Zelda Game by Plot
Challenge
Share
Tweet
Embed
Score 0/14 Timer 04:00
0 Plays Today
Game % Correct
Virtual Boy Wario Land
88%
Mario Tennis
85.9%
Waterworld
78.3%
Mario Clash
75%
3D Tetris
69.6%
Jack Bros.
66.3%
Teleroboxer
66.3%
Game % Correct
Nester's Funky Bowling
55.4%
Red Alarm
55.4%
Golf
51.1%
Panic Bomber
45.7%
Galactic Pinball
40.2%
Vertical Force
33.7%
Virtual League Baseball
23.9%

You're not logged in!

Compare scores with friends on all Sporcle quizzes.
OR
Log In

You Might Also Like...

Show Comments

Extras

Created Apr 4, 2010ReportNominate
Tags:Board Games Quiz, boy, virtual

Top Quizzes Today


Score Distribution

Your Account Isn't Verified!

In order to create a playlist on Sporcle, you need to verify the email address you used during registration. Go to your Sporcle Settings to finish the process.

Report this User

Report this user for behavior that violates our Community Guidelines.

Details: